00234nam a2200097Ia 4500100001200000654004000012245004000052260002400092300000800116546001200124 aNovell  aUtilities Reference - Netware -3.12 aUtilities Reference - Netware -3.12 bNovellaU.S.Ac1993 a468 aENGLISH